Consideraciones sobre el rendimiento académico estudiantil
| Materyal Türü: | Kitap |
|---|---|
| Dil: | İspanyolca |
| Baskı/Yayın Bilgisi: |
San José, Costa Rica :
Oficina de Publicaciones de la Universidad de Costa Rica,
1988
|
| Konular: |
MARC
| LEADER | 00000nam a2200000Ia 4500 | ||
|---|---|---|---|
| 008 | 180321b1988 cr ||||| |||| 00| | spa d | ||
| 999 | |c 1658 |d 1658 | ||
| 090 | |a 06.02.05 |b 324 | ||
| 245 | 1 | 0 | |a Consideraciones sobre el rendimiento académico estudiantil |
| 260 | |a San José, Costa Rica : |b Oficina de Publicaciones de la Universidad de Costa Rica, |c 1988 | ||
| 300 | |a 62 páginas | ||
| 650 | 1 | 4 | |a RENDIMIENTO ACADÉMICO |9 1095 |
| 650 | 1 | 4 | |a EDUCACIÓN SUPERIOR |9 8 |
| 650 | 1 | 4 | |a ESTUDIANTES |9 332 |
| 942 | |i 00448 ,00449 |h 06.02.05 324 |2 z |c 01 | ||
